| 000 | 00000cam 2200000zi 4500 |
| 001 | 9.960405 |
| 003 | CaOODSP |
| 005 | 20260511085252 |
| 006 | m o d f |
| 007 | cr ||||||||||| |
| 008 | 260227t20252025qucd ob f000 0 eng d |
| 020 | |a9780660986937 |
| 040 | |aCaOODSP|beng|erda|cCaOODSP |
| 043 | |an-cn--- |
| 086 | 1 |aSE3-114/2-2026E-PDF |
| 245 | 00|aNational electors study for the 45th Canadian federal election : |breport on voter experience / |cprepared for Elections Canada. |
| 246 | 36|aNational electors study for the 45th Canadian federal election : |breport on voter experience : final report |
| 264 | 1|a[Gatineau, QC] : |bElections Canada, |c[2025] |
| 264 | 4|c©2025 |
| 300 | |a1 online resource (92 pages) : |bcolour graphs |
| 336 | |atext|btxt|2rdacontent |
| 337 | |acomputer|bc|2rdamedia |
| 338 | |aonline resource|bcr|2rdacarrier |
| 500 | |aIssued also in French under title: Étude nationale auprès des électeurs pour la 45e élection fédérale canadienne : rapport sur l’expérience des électeurs. |
| 500 | |aCover title. |
| 500 | |a"Supplier name: Phoenix SPI / Advanis." |
| 500 | |a"Contract number: 05005-2023-2467." |
| 500 | |a"Delivery Date: November 25, 2025." |
| 504 | |aIncludes bibliographical references. |
| 520 | |a"This report presents the results of electors’ perspectives on the administration of the 45th general election, their experiences of the voting process, and their views on election-related policy issues"--Executive summary, page 1. |
| 610 | 10|aCanada. |bParliament|xElections, 2025. |
| 650 | 0|aElections|zCanada|xPublic opinion. |
| 650 | 0|aElections|zCanada|vStatistics. |
| 650 | 0|aVoting|zCanada|xPublic opinion. |
| 650 | 0|aVoting|zCanada|vStatistics. |
| 650 | 0|aPublic opinion|zCanada. |
| 710 | 2 |aElections Canada, |eissuing body. |
| 710 | 2 |aPhoenix Strategic Perspectives Inc., |econsultant. |
| 710 | 2 |aAdvanis (Firm), |econsultant. |
| 775 | 08|tÉtude nationale auprès des électeurs pour la 45e élection fédérale canadienne : |w(CaOODSP)9.960406 |
| 795 | |tNational electors study following the 44th Canadian federal election : |w(CaOODSP)9.917684 |
| 856 | 40|qPDF|s1.97 MB|uhttps://publications.gc.ca/collections/collection_2026/elections/SE3-114-2-2026-eng.pdf |
| 856 | 4 |qHTML|sN/A|uhttps://epe.lac-bac.gc.ca/100/200/301/pwgsc-tpsgc/por-ef/elections_canada/2025/2025-12-2-e/index_e.html |